[Event "Czechia KP-chTA 0607"]
[Site "Czech Republic"]
[Date "2007.02.18"]
[Round "8.8"]
[White "Mazanek, David"]
[Black "Tlasek, Jaroslav"]
[Result "1-0"]
[WhiteElo "1883"]
[BlackElo "1467"]
[PlyCount "77"]
[EventDate "2006.10.29"]
[EventType "team-tourn"]
[EventRounds "11"]
[EventCountry "CZE"]
[SourceTitle "EXT 2008"]
[Source "ChessBase"]
[SourceDate "2007.11.25"]
[SourceVersion "1"]
[SourceVersionDate "2007.11.25"]
[SourceQuality "1"]
[WhiteTeam "Lysa nad Labem II"]
[BlackTeam "AS MB"]
[WhiteTeamCountry "CZE"]
[BlackTeamCountry "CZE"]

1. e4 e5 2. Nc3 Nc6 3. Bc4 Nf6 4. d3 d6 5. h3 Be7 6. f4 exf4 7. Bxf4 0-0 8. Nf3 Be6 9. Bb3 a6 10. 0-0 h6 11. Qd2 Bxb3 12. axb3 Nh7 13. Rae1 Ng5 14. Nd5 Nxf3+ 15. Rxf3 Nd4 16. Nxe7+ Qxe7 17. Rg3 Kh7 18. e5 d5 19. Qf2 Nf5 20. Rg4 Qe6 21. d4 Rg8 22. c3 g5 23. Bc1 Raf8 24. Rf1 Ne7 25. Kh1 Rg6 26. Rg3 Kg8 27. Rf3 f5 28. exf6 Nc6 29. Re1 Qd6 30. Rf1 Nd8 31. h4 Rf7 32. h5 Rgxf6 33. Rxf6 Rxf6 34. Qxf6 Qxf6 35. Rxf6 Kg7 36. Rf5 c6 37. Re5 Kf7 38. Kh2 Ne6 39. Kg3 1-0